| 000 -LEADER |
| fixed length control field |
01654nam a22001937a 4500 |
| 005 - DATE AND TIME OF LATEST TRANSACTION |
| control field |
20190815105941.0 |
| 008 - FIXED-LENGTH DATA ELEMENTS--GENERAL INFORMATION |
| fixed length control field |
190815b ||||| |||| 00| 0 eng d |
| 020 ## - INTERNATIONAL STANDARD BOOK NUMBER |
| International Standard Book Number |
9781445138664 |
| 040 ## - CATALOGING SOURCE |
| Transcribing agency |
KH8 |
| 082 ## - DEWEY DECIMAL CLASSIFICATION NUMBER |
| Classification number |
631.523 GRA |
| 100 ## - MAIN ENTRY--PERSONAL NAME |
| Personal name |
Gray, Leon |
| 245 ## - TITLE STATEMENT |
| Title |
Genetic Modification : |
| Remainder of title |
Should Humans Control Nature? / |
| Statement of responsibility, etc. |
Leon Gray |
| 260 ## - PUBLICATION, DISTRIBUTION, ETC. |
| Place of publication, distribution, etc. |
London : |
| Name of publisher, distributor, etc. |
Hachette Children's Books, |
| Date of publication, distribution, etc. |
2015. |
| 300 ## - PHYSICAL DESCRIPTION |
| Extent |
48 pages ; |
| Other physical details |
ill. : |
| Dimensions |
254 x 203 mm. |
| 440 ## - SERIES STATEMENT/ADDED ENTRY--TITLE |
| Title |
Ask the experts |
| 505 ## - FORMATTED CONTENTS NOTE |
| Formatted contents note |
1: In the Genes1: Inside a Gene1: Cloning1: Genetic Modification1: GM in Action1: GM in Food1: GM Medicine1: Science and Industry1: You're the Expert1: Glossary1: For More Information1: Index |
| 520 ## - SUMMARY, ETC. |
| Summary, etc. |
Genetic Modification explores this most topical of scientific issues, from the genetic modification of plants and food crops through to the modification of animals. It explores the moral issues surrounding GM, offering debates and expert opinion. It also looks at how the latest cutting-edge technology in the field will in the future open up an entirely new world of potential modification, and the issues that surround it. Is our planet's population out of control? What is the future of the global economy? Are we playing God with genetic modification? How secure is the global positioning system and who is tracking you? In Ask the Experts discover some of the most topical issues facing people today and read expert opinions on each subject. Once you have 'asked the experts', become an expert yourself and use the knowledge you have learned to make up your own mind about our future. |
| Expansion of summary note |
An investigative series for children aged 9+ |
| 942 ## - ADDED ENTRY ELEMENTS (KOHA) |
| Source of classification or shelving scheme |
|
| Koha item type |
Books - Non Ficton |